নবাবগঞ্জের আলকাপ গান / (Record no. 36607)
[ view plain ]
| 000 -LEADER | |
|---|---|
| fixed length control field | 00944nam a2200253 a 4500 |
| 001 - CONTROL NUMBER | |
| control field | 36607 |
| 003 - CONTROL NUMBER IDENTIFIER | |
| rucl marc code | BD-RjUL |
| 005 - DATE AND TIME OF LATEST TRANSACTION | |
| control field | 20211209052517.0 |
| 008 - FIXED-LENGTH DATA ELEMENTS--GENERAL INFORMATION | |
| fixed length control field | 140803s1995 bg ||||| |||| 00| 0 ben d |
| 020 ## - INTERNATIONAL STANDARD BOOK NUMBER | |
| International Standard Book Number | 9840732382 |
| 035 ## - SYSTEM CONTROL NUMBER | |
| System control number | (BD-RjUL)36708 |
| 040 ## - CATALOGING SOURCE | |
| Original cataloging agency | BD-RjUL |
| Language of cataloging | ben |
| Transcribing agency | BD-RjUL |
| 041 ## - LANGUAGE CODE | |
| Language code of text/sound track or separate title | ben |
| 082 ## - DEWEY DECIMAL CLASSIFICATION NUMBER | |
| Edition number | 21 |
| Classification number | 782.4216295492 |
| Author mark and year | ILN 1995 |
| 100 ## - MAIN ENTRY--PERSONAL NAME | |
| Personal name | ইলিয়াস, মহবুব |
| 9 (RLIN) | 111580 |
| 245 ## - TITLE STATEMENT | |
| Title | নবাবগঞ্জের আলকাপ গান / |
| Statement of responsibility, etc. | মহবুব ইলিয়াস |
| 260 ## - PUBLICATION, DISTRIBUTION, ETC. (IMPRINT) | |
| Place of publication, distribution, etc. | ঢাকা: |
| Name of publisher, distributor, etc. | বাংলা একাডেমী, |
| Date of publication, distribution, etc. | ১৯৯৫ |
| 300 ## - PHYSICAL DESCRIPTION | |
| Pagination | [১৬],২২৩ পৃ.; |
| Size | ২২ সেমি. |
| 490 ## - SERIES STATEMENT | |
| Series statement | বাএ ; |
| Volume/sequential designation | ৩২২৯ |
| 650 ## - SUBJECT ADDED ENTRY--TOPICAL TERM | |
| Topical term or geographic name as entry element | লোক সঙ্গীত |
| Geographic subdivision | বাংলাদেশ |
| -- | নবাবগঞ্জ |
| 9 (RLIN) | 111581 |
| Topical term or geographic name as entry element | Folk Music |
| Geographic subdivision | Bangladesh |
| -- | Nawabgonj |
| 9 (RLIN) | 111582 |
| 830 ## - SERIES ADDED ENTRY--UNIFORM TITLE | |
| Uniform title | বাএ ; ৩২২৯ |
| 942 ## - ADDED ENTRY ELEMENTS (KOHA) | |
| Source of classification or shelving scheme | Dewey Decimal Classification |
| Koha item type | Books |
| Lost status | Source of classification or shelving scheme | Damaged status | Not for loan | Collection code | Permanent Location | Current Location | Shelving location | Date acquired | Source of acquisition | Cost, normal purchase price | Total Checkouts | Full call number | Date last seen | Copy number | Koha item type | Date checked out |
|---|---|---|---|---|---|---|---|---|---|---|---|---|---|---|---|---|
| Dewey Decimal Classification | Not For Loan | Non-fiction | Central Library, University of Rajshahi | Central Library, University of Rajshahi | Reading Room | 24/06/2013 | Bangla Academy, Dhaka | 110.00 | B 782.4216295492 ELN 1995 | 03/08/2014 | C-1 | Books | ||||
| Dewey Decimal Classification | Non-fiction | Central Library, University of Rajshahi | Central Library, University of Rajshahi | 24/06/2013 | Bangla Academy, Dhaka | 110.00 | 5 | B 782.4216295492 ELN 1995 | 02/09/2015 | C-2 | Books | 02/09/2015 | ||||
| Dewey Decimal Classification | Non-fiction | Central Library, University of Rajshahi | Central Library, University of Rajshahi | 24/06/2013 | Bangla Academy, Dhaka | 110.00 | 2 | B 782.4216295492 ELN 1995 | 02/09/2015 | C-3 | Books | 02/09/2015 |